Word Ladder: Belgium's Favorite Drink Quiz Stats

Quiz Updated May 9, 2016

Challenge
Share
Tweet
Embed
Score 0/12 Timer 01:00
1 Play Today
Clue 4-Letter Word % Correct
Polar, brown, or grizzly, e. g.BEAR
99%
🍻 Hop-flavored drink 🍻🍻 BEER 🍻
98.6%
Supply with nourishmentFEED
91.7%
Peruse a novelREAD
91.2%
Type of window or admiralREAR
89.4%
Sugar plantCANE
89%
Aquatic grassREED
88.4%
Beatles song: Penny ____LANE
87.6%
To give temporarilyLEND
87%
Take care of yourselfFEND
81.5%
Ground, soilLAND
80.8%
🍻 Sidewalk eatery 🍻🍻 CAFÉ 🍻
74.4%

Today's Daily Dose

Missing Word
1971 Movies A-Z

Word Ladder
Complete Tour

Quick Pick
Logo Colors

On This Day
January 19th

You're not logged in!

Compare scores with friends on all Sporcle quizzes.
Sign Up with Email
OR
Log In

You Might Also Like...

Show Comments

Extras

Top Quizzes Today


Score Distribution

Your Account Isn't Verified!

In order to create a playlist on Sporcle, you need to verify the email address you used during registration. Go to your Sporcle Settings to finish the process.